| 000 | | | 04382nac2a22002653x 450 |
| 001 | | | 39ad4886-5c5a-428f-a745-2293fcc98184 |
| 005 | | | 20190304164310.0 |
| 100 | ## | $a | 20190110l 1919k y0rusy50 ca |
| 101 | 0# | $a | rus |
| 102 | ## | $a | RU |
| 105 | ## | $a | y z ||||| |
| 200 | 1# | $a | Временное положение о центральном и местных учреждениях государственного призрения, о государственном призрении семей служащих убитых в борьбе с красными и утративших трудоспособность в связи с гражданской войной |
| | $j | 04 марта 1919 - 07 ноября 1919 |
| 215 | ## | $a | 28 листов |
| 251 | ## | $c | Дело |
| 300 | ## | $a | Заголовок дела на папке: Временное положение о центральных и местных учреждениях государственного призрения, о государственном призрении семей служащих, убитых в борьбе с красными и утративших трудоспособность в связи с гражданской войной |
| 300 | ## | $a | Листы: 1-5, 14-15, 25-26 - поврежденные |
| 300 | ## | $a | Машинописный и рукописный текст |
| 324 | ## | $a | В деле имеются копии отдельных документов |
| 461 | #0 | $1 | 0010f0e3429-2e37-4fb4-ace0-6332d350a692 |
| | $1 | 2001 |
| | $a | Министерство внутренних дел Российского правительства. Омск |
| | $1 | 251 |
| | $c | Фонд |
| | $1 | 852 |
| | $j | 1700 |
| | $g | Р |
| 462 | #0 | $1 | 001fc526e9e-3b76-4f4f-9aa4-d2ea0e927c42 |
| | $1 | 2001 |
| | $a | Департамент Государственного призрения. 1918-1920 гг. |
| | $v | Д. 1 |
| | $1 | 251 |
| | $c | Опись |
| | $1 | 852 |
| | $j | 6 |
| 517 | 1# | $a | Временное положение о центральных и местных учреждениях государственного призрения, о государственном призрении семей служащих, убитых в борьбе с красными и утративших трудоспособность в связи с гражданской войной |
| 601 | 02 | $3 | RU\NLR\AUTH\8810247804 |
| | $a | Временное Сибирское правительство |
| | $b | Министерство внутренних дел |
| 801 | #0 | $a | RU |
| | $b | GA_RF |
| 801 | #1 | $a | RU |
| | $b | ГлавНИВЦ |
| | $c | 20190110 |
| | $2 | rusmarc |
| 801 | #2 | $a | RU |
| | $b | ПБ им. Б.Н. Ельцина |
| | $c | 20190304 |
| | $g | RCR |
| | $2 | rusmarc |
| 852 | ## | $a | ГА РФ |
| | $j | 1 |
| 937 | ## | $d | 126645230 |
| | $h | ПБ |
| 035 | ## | $a | RuPRLIB51055203 |
| 856 | ## | $u | http://readingroom.main.prlib.ru/item.aspx?id_node=n126645230&mode=full |